| 000 | 00577cam a22002411 4500 | ||
|---|---|---|---|
| 001 | sa 65007614 | ||
| 003 | DLC | ||
| 005 | 20260227112149.0 | ||
| 008 | 940922s1962 ii 000 1 telo | ||
| 010 | _asa 65007614 | ||
| 025 | _aPL480:I-Te-775 | ||
| 035 | _a(OCoLC)31160517 | ||
| 040 |
_aDLC _cCU _dCU _dDLC |
||
| 042 | _apremarc | ||
| 050 | 0 | 0 |
_aPL4780.8 _b.U3 |
| 100 | 0 | _aUdayaśaṅkar. | |
| 245 | 1 | 0 | _aMarakatamulu. |
| 260 | _c[1962] | ||
| 300 |
_a40, 40, 36 p. _c18 cm. |
||
| 500 | _aIn Telugu. | ||
| 500 | _aShort stories. | ||
| 650 | 0 | _aShort stories, Telugu. | |
| 999 |
_c65244 _d65244 |
||